|
|
|
|
| LEADER |
01135nam a2200325 4500 |
| 001 |
3049 |
| 003 |
BD-DhAAL |
| 005 |
20150920125832.0 |
| 008 |
150920s1994 nyu 000 1 eng |
| 010 |
|
|
|a 93045723 //r942
|
| 020 |
|
|
|a 0385720106
|
| 020 |
|
|
|a 0385473109 :
|c 22.00 ( 28.95 Can.)
|
| 040 |
|
|
|a DLC
|c DLC
|d OCL
|d MYG
|d 813/.54
|
| 050 |
0 |
0 |
|a PS3558.A4427
|b M36 1994
|
| 082 |
|
|
|a 813/.54
|
| 100 |
1 |
|
|a Hamilton, Jane,
|d 1957 July 13-
|9 14880
|
| 245 |
1 |
2 |
|a A map of the world /
|c Jane Hamilton.
|
| 260 |
|
|
|a New York :
|b Doubleday,
|c 1995.
|
| 300 |
|
|
|a 389 p. ;
|c 25 cm.
|
| 541 |
|
|
|e 3049
|
| 650 |
|
0 |
|a Drowning
|v Fiction.
|9 14881
|
| 650 |
|
0 |
|a Children
|x Death
|v Fiction.
|9 14882
|
| 650 |
|
0 |
|a Farm life
|z Middle West
|v Fiction.
|9 14883
|
| 650 |
|
0 |
|a Dairy farms
|z Middle West
|v Fiction.
|9 14884
|
| 651 |
|
0 |
|a Middle West
|v Fiction.
|9 14885
|
| 655 |
|
7 |
|a Domestic fiction.
|2 lcsh
|9 14886
|
| 655 |
|
7 |
|a Legal stories.
|2 gsafd
|9 14887
|
| 942 |
|
|
|2 ddc
|c BK
|
| 999 |
|
|
|c 35616
|d 35616
|
| 952 |
|
|
|0 0
|1 0
|2 ddc
|4 0
|6 813_000000000000000__54_HAM
|7 0
|9 56002
|a SCL
|b SCL
|c GEN
|d 2015-09-20
|l 5
|m 9
|o 813.54 HAM
|p 3020003049
|r 2024-09-24
|s 2024-09-14
|t 1
|w 2015-09-20
|y BK
|